|
|
|
|
| LEADER |
00000nab a2200000 ar4500 |
| 001 |
vtls010546379 |
| 003 |
SK-MaSNL |
| 005 |
20260305030921.0 |
| 008 |
130925c20120629xo mr|p|||||||000 b|slo |
| 038 |
|
|
|a SNSK
|
| 040 |
|
|
|b slo
|c SNSK
|e AACR2
|
| 041 |
|
|
|a slo
|
| 044 |
|
|
|a xo
|c SK
|
| 080 |
|
|
|a 502.21
|x (1-751.2)
|x (437.672)
|2 2001
|
| 080 |
|
|
|a 336.23
|2 2001
|
| 100 |
1 |
|
|a Šimoňáková, Mária,
|d 1978-
|4 aut
|9 115064
|
| 245 |
1 |
0 |
|a Dvojité spoplatňovanie v Slovenskom raji zažehnali
|b ochranári a obce sa napokon dohodli
|c Mária Šimoňáková
|
| 300 |
|
|
|b Fotogr.
|
| 610 |
2 |
7 |
|a Správa Národného parku Slovenský raj
|2 snsk
|9 33835
|
| 610 |
2 |
7 |
|a Mikroregión Slovenský raj (združenie : Slovensko)
|2 snsk
|9 1271019
|
| 650 |
0 |
7 |
|a poplatky
|2 snsk
|9 2335
|
| 650 |
0 |
7 |
|a národné parky
|2 snsk
|9 3797
|
| 651 |
|
7 |
|a Slovenský raj (Slovensko : pohorie)
|2 snsk
|9 65478
|
| 651 |
|
7 |
|a Spišská Nová Ves (Slovensko : okres)
|2 snsk
|9 22259
|
| 773 |
0 |
|
|t Korzár
|g Roč. XIV., č. 150 (29.6.2012), s. 5
|x 1335-7590
|
| 852 |
|
|
|a SNSK
|b KIS3GCP
|
| 999 |
|
|
|c 3313664
|d 3315594
|